000 00692nam a2200205 u 4500
005 20240912063828.0
008 080526s2006 r 000 0 eng d
020 _a9500832267 (10 dígitos)
020 _a9789500832267 (13 dígitos)
035 _aUPN01000156270
049 _aI
050 4 _aPZ74.9
_bV4.6
100 1 _aVedia, Fernando de,
_d1961-
_932789
245 1 3 _aEl pescador de estrellas y otros cuentos /
_cFernando de Vedia ; il. Héctor Borlasca.
260 _aBuenos Aires :
_bAtlántida :
_bVuelta de Página,
_c2006.
300 _a32 p. :
_bprincipalmente il. col.
650 4 _aCuentos infantiles argentinos
_97466
700 1 _aBorlasca, Héctor,
_eil.
905 _aInfantil
999 _c128384
_d128384